[Event "Ufa-ch sf3"]
[Site "Ufa"]
[Date "2012.09.19"]
[Round "4.1"]
[White "Abelguzin, Dinar"]
[Black "Selegenenko, Vladimir"]
[Result "1-0"]
[WhiteElo "2016"]
[BlackElo "2035"]
[PlyCount "51"]
[EventDate "2012.09.16"]
[EventType "swiss"]
[EventRounds "9"]
[EventCountry "RUS"]
[SourceTitle "EXT 2022"]
[Source "ChessBase"]
[SourceDate "2021.10.06"]
[SourceVersion "1"]
[SourceVersionDate "2021.10.06"]
[SourceQuality "1"]

1. e4 d6 2. d4 Nf6 3. Nc3 g6 4. Nf3 Bg7 5. Be3 0-0 6. Qd2 Bg4 7. h3 Bxf3 8. gxf3 Nc6 9. d5 Ne5 10. Be2 c5 11. 0-0-0 Qa5 12. Bh6 Rab8 13. Bxg7 Kxg7 14. f4 Ned7 15. Qe3 b5 16. e5 Ne8 17. Kb1 b4 18. Ne4 Nb6 19. h4 Nc7 20. Qg3 Ncxd5 21. h5 dxe5 22. f5 Nf4 23. hxg6 hxg6 24. fxg6 Nxg6 25. Bh5 Nc4 26. Bxg6 1-0

[Event "Ufa-ch sf3"]
[Site "Ufa"]
[Date "2012.09.16"]
[Round "1.3"]
[White "Selegenenko, Vladimir"]
[Black "Zelenov, Aleksey"]
[Result "1-0"]
[WhiteElo "2035"]
[BlackElo "1668"]
[PlyCount "81"]
[EventDate "2012.09.16"]
[EventType "swiss"]
[EventRounds "9"]
[EventCountry "RUS"]
[SourceTitle "EXT 2022"]
[Source "ChessBase"]
[SourceDate "2021.10.06"]
[SourceVersion "1"]
[SourceVersionDate "2021.10.06"]
[SourceQuality "1"]

1. d4 Nf6 2. c4 e6 3. Nf3 Bb4+ 4. Nc3 b6 5. Qb3 Bxc3+ 6. Qxc3 Ne4 7. Qc2 Bb7 8. Bf4 c5 9. e3 d6 10. Rd1 0-0 11. Bd3 f5 12. h4 Nc6 13. Bxe4 Nb4 14. Qb3 Bxe4 15. dxc5 Nd3+ 16. Rxd3 Bxd3 17. Qxd3 dxc5 18. Qxd8 Rfxd8 19. Ke2 h6 20. h5 Kf7 21. Rh3 Re8 22. Rg3 Rg8 23. Rg6 a6 24. Bd6 Rge8 25. Be5 Rg8 26. Bc3 b5 27. Ne5+ Ke7 28. Nd3 bxc4 29. Nxc5 a5 30. Nxe6 a4 31. Nd4 a3 32. bxa3 Rab8 33. Nxf5+ Kf7 34. Bb4 Ra8 35. Nd6+ Ke7 36. Nxc4+ Kf7 37. Ne5+ Ke8 38. Kd3 Rd8+ 39. Ke4 Ra8 40. Re6+ Kd8 41. Kd5 1-0

[Event "Ufa-ch sf2"]
[Site "Ufa"]
[Date "2012.05.28"]
[Round "8"]
[White "Selegenenko, Vladimir"]
[Black "Valiullin, Albert"]
[Result "1-0"]
[WhiteElo "2129"]
[BlackElo "1905"]
[PlyCount "61"]
[EventDate "2012.05.21"]
[EventType "swiss"]
[EventRounds "9"]
[EventCountry "RUS"]
[SourceTitle "EXT 2014"]
[Source "ChessBase"]
[SourceDate "2013.11.20"]
[SourceVersion "1"]
[SourceVersionDate "2013.11.20"]
[SourceQuality "1"]

1. d4 Nf6 2. Nf3 e6 3. e3 c5 4. Bd3 Nc6 5. c3 Be7 6. Nbd2 0-0 7. 0-0 cxd4 8. exd4 b6 9. Re1 Bb7 10. Qe2 Qc7 11. Nc4 Rad8 12. Bg5 d6 13. h4 b5 14. Ne3 a6 15. Bxf6 Bxf6 16. Ng5 Bxg5 17. hxg5 Qe7 18. Qh5 g6 19. Qh4 f5 20. Nd5 Qf7 21. Nf6+ Kh8 22. Rxe6 h5 23. Re2 Ne7 24. a4 Nd5 25. axb5 axb5 26. Bxb5 Nxf6 27. gxf6 Qd5 28. Qg5 Rf7 29. Re7 Rh7 30. c4 Qg8 31. f7 1-0

[Event "Ufa-ch sf2"]
[Site "Ufa"]
[Date "2012.05.22"]
[Round "2"]
[White "Selegenenko, Vladimir"]
[Black "Khatmullina, Dilara"]
[Result "1-0"]
[WhiteElo "2129"]
[BlackElo "1710"]
[PlyCount "51"]
[EventDate "2012.05.21"]
[EventType "swiss"]
[EventRounds "9"]
[EventCountry "RUS"]
[SourceTitle "EXT 2014"]
[Source "ChessBase"]
[SourceDate "2013.11.20"]
[SourceVersion "1"]
[SourceVersionDate "2013.11.20"]
[SourceQuality "1"]

1. d4 d5 2. Nf3 Nf6 3. c4 e6 4. Nc3 c6 5. e3 Bd6 6. Be2 0-0 7. 0-0 Nbd7 8. Qb3 dxc4 9. Bxc4 e5 10. dxe5 Nxe5 11. Nxe5 Bxe5 12. h3 Nh5 13. Rd1 Qg5 14. f4 Qg3 15. Ne2 Qg6 16. Bd3 Qf6 17. fxe5 Qxe5 18. Qc3 Re8 19. Qxe5 Rxe5 20. g4 Nf6 21. e4 Bd7 22. Bf4 Re7 23. Ng3 c5 24. Bd6 Re6 25. e5 Ne8 26. Bf5 1-0

[Event "Ufa-ch sf2"]
[Site "Ufa"]
[Date "2012.05.21"]
[Round "1"]
[White "Zelenov, Aleksey"]
[Black "Selegenenko, Vladimir"]
[Result "0-1"]
[WhiteElo "1686"]
[BlackElo "2129"]
[PlyCount "64"]
[EventDate "2012.05.21"]
[EventType "swiss"]
[EventRounds "9"]
[EventCountry "RUS"]
[SourceTitle "EXT 2014"]
[Source "ChessBase"]
[SourceDate "2013.11.20"]
[SourceVersion "1"]
[SourceVersionDate "2013.11.20"]
[SourceQuality "1"]

1. e4 e5 2. Nf3 Nc6 3. Be2 Nf6 4. d3 Bc5 5. c3 0-0 6. b4 Bb6 7. b5 Nb8 8. Nxe5 d5 9. Qc2 Re8 10. Bf4 a6 11. bxa6 Nxa6 12. 0-0 dxe4 13. dxe4 Nc5 14. Nd2 Be6 15. Rfd1 Qe7 16. Kh1 Ncd7 17. Nxd7 Bxd7 18. f3 Nh5 19. g3 Nxf4 20. gxf4 Qh4 21. Nc4 Ba4 22. Qd2 Bxd1 23. Nxb6 Bxe2 24. Nxa8 Bxf3+ 25. Kg1 Rxa8 26. Re1 Rd8 27. Qf2 Qxf4 28. a4 Rd2 29. Qg3 Qf6 30. Rf1 Qb6+ 31. Qf2 Qg6+ 32. Qg3 Rg2+ 0-1

[Event "Ufa Kopylov Memorial op 8th"]
[Site "Ufa"]
[Date "2011.12.23"]
[Round "7"]
[White "Selegenenko, Vladimir"]
[Black "Magafurov, Artur"]
[Result "1-0"]
[WhiteElo "2183"]
[BlackElo "1975"]
[PlyCount "50"]
[EventDate "2011.12.17"]
[EventType "swiss"]
[EventRounds "9"]
[EventCountry "RUS"]
[SourceTitle "CBM 146 Extra"]
[Source "ChessBase"]
[SourceDate "2012.02.29"]
[SourceVersion "1"]
[SourceVersionDate "2012.02.29"]
[SourceQuality "1"]

1. d4 d5 2. c4 c6 3. Nc3 Nf6 4. e3 e6 5. Qc2 Nbd7 6. Nf3 Bd6 7. Bd2 0-0 8. Qb3 Ne4 9. Bc1 f5 10. Nd2 Kh8 11. g3 Ndf6 12. f3 Nxc3 13. bxc3 Qe7 14. a4 b6 15. Bg2 Bd7 16. 0-0 Rac8 17. Bb2 e5 18. Ba3 e4 19. fxe4 fxe4 20. Bxd6 Qxd6 21. Qa3 Qxa3 22. Rxa3 Ng4 23. Rxf8+ Rxf8 24. Nf1 Nf2 25. Ra1 Nd3 1-0

[Event "Ufa Kopylov Memorial op 8th"]
[Site "Ufa"]
[Date "2011.12.20"]
[Round "4"]
[White "Churaev, Raif"]
[Black "Selegenenko, Vladimir"]
[Result "0-1"]
[WhiteElo "2091"]
[BlackElo "2183"]
[PlyCount "80"]
[EventDate "2011.12.17"]
[EventType "swiss"]
[EventRounds "9"]
[EventCountry "RUS"]
[SourceTitle "CBM 146 Extra"]
[Source "ChessBase"]
[SourceDate "2012.02.29"]
[SourceVersion "1"]
[SourceVersionDate "2012.02.29"]
[SourceQuality "1"]

1. d4 Nf6 2. Nf3 d6 3. g3 c5 4. Bg2 g6 5. 0-0 cxd4 6. Nxd4 Bg7 7. Nc3 a6 8. e4 0-0 9. Nde2 Ng4 10. h3 Nf6 11. Be3 Nbd7 12. Qd2 Ne5 13. Qd1 Bd7 14. b3 Rc8 15. Rc1 b5 16. f4 Nc6 17. Nd5 Nxd5 18. exd5 Nb4 19. c3 Nxa2 20. Ra1 Nxc3 21. Nxc3 Rxc3 22. Bf2 Qc8 23. Kh2 b4 24. Re1 Re8 25. Ra2 Bb5 26. Rd2 Qb7 27. Bd4 Bxd4 28. Rxd4 Qc7 29. Rxb4 Rc2 30. Rbe4 Qc3 31. R4e3 Qb2 32. Qf3 Rf2 33. Qe4 Qd2 34. Kh1 Rc8 35. Rg1 Rc7 36. g4 Rc1 37. Rxc1 Qxc1+ 38. Re1 Qd2 39. Rg1 Re2 40. Qb1 Rxg2 0-1

[Event "Ufa Siamidi Memorial"]
[Site "Ufa"]
[Date "2011.10.21"]
[Round "6.7"]
[White "Selegenenko, Vladimir"]
[Black "Kudojarov, Mars"]
[Result "1-0"]
[WhiteElo "2129"]
[BlackElo "1931"]
[PlyCount "108"]
[EventDate "2011.10.16"]
[EventType "swiss"]
[EventRounds "9"]
[EventCountry "RUS"]
[SourceTitle "EXT 2012"]
[Source "ChessBase"]
[SourceDate "2011.11.24"]
[SourceVersion "1"]
[SourceVersionDate "2011.11.24"]
[SourceQuality "1"]

1. e4 c5 2. Nf3 d6 3. c3 Nf6 4. Bd3 g6 5. 0-0 Bg7 6. Bc2 b5 7. d4 cxd4 8. cxd4 0-0 9. h3 Bb7 10. Re1 Qc7 11. Bf4 Nh5 12. Be3 Nf6 13. Nbd2 Nbd7 14. Bd3 a6 15. Rc1 Qb8 16. a4 Rc8 17. Rxc8+ Bxc8 18. axb5 axb5 19. Qb3 Ba6 20. Rc1 Qb7 21. Ng5 Rf8 22. Ra1 h6 23. Qa2 Nb8 24. Ngf3 e6 25. Bf4 Qb6 26. Nb3 Nfd7 27. Qa5 Qxa5 28. Rxa5 e5 29. dxe5 g5 30. Bg3 dxe5 31. Bxb5 Bxb5 32. Rxb5 f6 33. Nfd2 Rc8 34. Na5 Rc5 35. Rxc5 Nxc5 36. f3 Bf8 37. Bf2 Nd3 38. Ba7 Nd7 39. Ndc4 Bb4 40. Nc6 Bc5+ 41. Bxc5 N3xc5 42. b4 Nb7 43. N6a5 Nd6 44. b5 Nc5 45. Nxd6 Kf8 46. b6 h5 47. b7 Nd7 48. h4 Nb8 49. hxg5 fxg5 50. Ndc4 Kf7 51. Nb3 Ke7 52. Nc5 Kf7 53. Nd7 Nc6 54. Nd6+ Kg7 1-0

[Event "Ufa Siamidi Memorial"]
[Site "Ufa"]
[Date "2011.10.20"]
[Round "5.3"]
[White "Zatokovenko, Igor"]
[Black "Selegenenko, Vladimir"]
[Result "1-0"]
[WhiteElo "2257"]
[BlackElo "2129"]
[PlyCount "107"]
[EventDate "2011.10.16"]
[EventType "swiss"]
[EventRounds "9"]
[EventCountry "RUS"]
[SourceTitle "EXT 2012"]
[Source "ChessBase"]
[SourceDate "2011.11.24"]
[SourceVersion "1"]
[SourceVersionDate "2011.11.24"]
[SourceQuality "1"]

1. c4 c5 2. Nf3 Nf6 3. g3 g6 4. Bg2 Bg7 5. 0-0 Nc6 6. d4 cxd4 7. Nxd4 0-0 8. Nc3 Ng4 9. e3 Nge5 10. b3 d6 11. Bb2 Bg4 12. f3 Bd7 13. Qd2 Qc8 14. Rfe1 Re8 15. Rac1 Bh3 16. f4 Bxg2 17. Kxg2 Ng4 18. Nf3 b6 19. h3 Nf6 20. e4 Qb7 21. Nd5 Nd7 22. Kh2 Rad8 23. Rcd1 a6 24. Bxg7 Kxg7 25. Qb2+ Kg8 26. Re2 b5 27. Rc1 Nc5 28. Qd2 b4 29. f5 Ne5 30. Nxe5 dxe5 31. f6 exf6 32. Nxf6+ Kg7 33. Nxe8+ Rxe8 34. Qd5 Qc7 35. Rd1 Re6 36. Qd8 Qa7 37. Rf1 a5 38. Ref2 Re7 39. Qd5 Qc7 40. Kg2 Ne6 41. Rd2 Nc5 42. Qd6 Qxd6 43. Rxd6 Nxe4 44. Ra6 Rd7 45. Rxa5 Rd2+ 46. Kf3 Nc3 47. Rxe5 Rxa2 48. Re7 Kf8 49. Rb7 Rh2 50. Rxb4 f5 51. Rb7 Ne4 52. Ra1 Ng5+ 53. Ke3 f4+ 54. Kd3 1-0

[Event "Ufa Kopylov Memorial op-B 7th"]
[Site "Ufa"]
[Date "2010.12.28"]
[Round "9"]
[White "Tangatarov, Timur"]
[Black "Selegenenko, Vladimir"]
[Result "1/2-1/2"]
[WhiteElo "2145"]
[BlackElo "2125"]
[PlyCount "112"]
[EventDate "2010.12.21"]
[EventType "swiss"]
[EventRounds "9"]
[EventCountry "RUS"]
[SourceTitle "EXT 2012"]
[Source "ChessBase"]
[SourceDate "2011.11.24"]
[SourceVersion "1"]
[SourceVersionDate "2011.11.24"]
[SourceQuality "1"]

1. e4 d6 2. d4 g6 3. Nc3 Bg7 4. Be3 Nf6 5. f3 c6 6. Qd2 Nbd7 7. 0-0-0 Qa5 8. Kb1 b5 9. g4 Nb6 10. Bh6 Bxh6 11. Qxh6 Be6 12. d5 cxd5 13. Bxb5+ Bd7 14. Bxd7+ Kxd7 15. exd5 Rac8 16. Nge2 Nbxd5 17. Nxd5 Nxd5 18. Nc1 Qc5 19. Rd2 Qe3 20. Qxe3 Nxe3 21. b3 f5 22. Nd3 fxg4 23. Re1 Nf5 24. fxg4 Nh4 25. Re3 Rhf8 26. Ne5+ Kd8 27. Nc4 Rf4 28. h3 Rc5 29. Kb2 h5 30. Rde2 Rf7 31. gxh5 Rxh5 32. Rg3 Rf6 33. Ne3 Rf3 34. Rxf3 Nxf3 35. Rg2 g5 36. Rg3 Nd4 37. Nd1 Ne2 38. Re3 Nf4 39. Nf2 Kd7 40. c4 a5 41. a3 e6 42. b4 axb4 43. axb4 Kc6 44. Kc3 d5 45. Re5 Nxh3 46. Rxe6+ Kd7 47. Re2 Nf4 48. Rd2 Kc6 49. Kd4 dxc4 50. Kxc4 Rh6 51. b5+ Kc7 52. Ra2 Rh2 53. Rd2 g4 54. Ne4 Rxd2 55. Nxd2 g3 56. Nf3 Nh3 1/2-1/2

[Event "Ufa Kopylov Memorial op-B 7th"]
[Site "Ufa"]
[Date "2010.12.27"]
[Round "8"]
[White "Ilkin, Albert"]
[Black "Selegenenko, Vladimir"]
[Result "0-1"]
[WhiteElo "2165"]
[BlackElo "2125"]
[PlyCount "72"]
[EventDate "2010.12.21"]
[EventType "swiss"]
[EventRounds "9"]
[EventCountry "RUS"]
[SourceTitle "EXT 2012"]
[Source "ChessBase"]
[SourceDate "2011.11.24"]
[SourceVersion "1"]
[SourceVersionDate "2011.11.24"]
[SourceQuality "1"]

1. d4 g6 2. c4 Bg7 3. g3 d6 4. Nf3 Nd7 5. Bg2 e5 6. dxe5 dxe5 7. 0-0 Ne7 8. Nc3 c6 9. e4 0-0 10. Be3 h6 11. b4 Re8 12. Qd2 Kh7 13. Rfd1 Qc7 14. a4 a5 15. b5 Ng8 16. Bh3 Ngf6 17. c5 Bf8 18. Rac1 Nxc5 19. Bxc8 Raxc8 20. Qc2 Ne6 21. bxc6 bxc6 22. Rb1 Rb8 23. Qd2 Rb4 24. Rxb4 axb4 25. Nb1 Rd8 26. Qc2 Rxd1+ 27. Qxd1 Nc5 28. Nbd2 Nfd7 29. Qc2 Qa5 30. Qc4 Kg8 31. Nb3 Nxb3 32. Qxb3 c5 33. Nd2 Nb6 34. Qd3 Qa8 35. a5 Qxa5 36. Qd8 Nc4 0-1

[Event "Ufa Kopylov Memorial op-B 7th"]
[Site "Ufa"]
[Date "2010.12.24"]
[Round "4"]
[White "Selegenenko, Vladimir"]
[Black "Ibragimov, Maxim"]
[Result "1/2-1/2"]
[WhiteElo "2125"]
[BlackElo "2159"]
[PlyCount "73"]
[EventDate "2010.12.21"]
[EventType "swiss"]
[EventRounds "9"]
[EventCountry "RUS"]
[SourceTitle "EXT 2012"]
[Source "ChessBase"]
[SourceDate "2011.11.24"]
[SourceVersion "1"]
[SourceVersionDate "2011.11.24"]
[SourceQuality "1"]

1. d4 Nf6 2. Nf3 e6 3. g3 d5 4. Bg2 Be7 5. 0-0 0-0 6. Nbd2 b6 7. Ne5 Bb7 8. f4 c5 9. e3 Nc6 10. c3 Rc8 11. Bh3 g6 12. g4 Ne4 13. Ndf3 Ba6 14. Nd3 f5 15. Re1 c4 16. Nde5 Nxe5 17. Nxe5 b5 18. a3 Bb7 19. gxf5 exf5 20. Bg2 a5 21. Re2 Bc6 22. Bxe4 fxe4 23. Rg2 Bd6 24. Nxg6 hxg6 25. Rxg6+ Kf7 26. Qh5 Rh8 27. Qf5+ Ke8 28. Rxd6 Rg8+ 29. Rg6 Rxg6+ 30. Qxg6+ Kd7 31. Bd2 Qg8 32. Qxg8 Rxg8+ 33. Kf2 Ke6 34. h4 Kf5 35. h5 Rh8 36. Rh1 Rh6 37. Rg1 1/2-1/2

[Event "Ufa op"]
[Site "Ufa"]
[Date "2010.11.28"]
[Round "9"]
[White "Kuluev, Zagit"]
[Black "Selegenenko, Vladimir"]
[Result "0-1"]
[WhiteElo "1976"]
[BlackElo "2088"]
[PlyCount "56"]
[EventDate "2010.11.20"]
[EventType "swiss"]
[EventRounds "9"]
[EventCountry "RUS"]
[SourceTitle "CBM 139 Extra"]
[Source "ChessBase"]
[SourceDate "2011.01.05"]
[SourceVersion "1"]
[SourceVersionDate "2011.01.05"]
[SourceQuality "1"]

1. d4 Nf6 2. c4 g6 3. Nc3 Bg7 4. e4 d6 5. Bd3 0-0 6. Nge2 Nbd7 7. b3 c5 8. d5 e5 9. Ng3 Ne8 10. 0-0 Bf6 11. Bh6 Ng7 12. Qd2 Be7 13. a3 Nf6 14. h3 Re8 15. Be2 Nd7 16. b4 Rf8 17. Rac1 b6 18. Bg4 Ba6 19. Qd3 Bf6 20. Bd1 Rc8 21. Nb5 Bxb5 22. cxb5 Bg5 23. Bxg5 Qxg5 24. Bc2 f5 25. Kh2 f4 26. Ne2 f3 27. gxf3 Nh5 28. Bd1 Nf4 0-1

[Event "Ufa Kopylov Memorial op-B 6th"]
[Site "Ufa"]
[Date "2009.12.24"]
[Round "9"]
[White "Kutlyarov, Aleksandr"]
[Black "Selegenenko, Vladimir"]
[Result "1/2-1/2"]
[WhiteElo "2117"]
[BlackElo "2088"]
[PlyCount "38"]
[EventDate "2009.12.15"]
[EventType "swiss"]
[EventRounds "9"]
[EventCountry "RUS"]
[SourceTitle "EXT 2012"]
[Source "ChessBase"]
[SourceDate "2011.11.24"]
[SourceVersion "1"]
[SourceVersionDate "2011.11.24"]
[SourceQuality "1"]

1. d4 Nf6 2. c4 g6 3. g3 Bg7 4. Bg2 d6 5. Nc3 c6 6. Nf3 0-0 7. 0-0 Nbd7 8. h3 e5 9. e4 exd4 10. Nxd4 Nc5 11. Be3 Re8 12. Qc2 Qe7 13. Bg5 h6 14. Bxf6 Qxf6 15. Rad1 Ne6 16. Nf3 Nf8 17. Qd3 Qe6 18. Nd4 Qe7 19. Nc2 Be6 1/2-1/2

[Event "Ufa Kopylov Memorial op-B 6th"]
[Site "Ufa"]
[Date "2009.12.19"]
[Round "4"]
[White "Nikitina, Elena"]
[Black "Selegenenko, Vladimir"]
[Result "1/2-1/2"]
[WhiteElo "2030"]
[BlackElo "2088"]
[PlyCount "109"]
[EventDate "2009.12.15"]
[EventType "swiss"]
[EventRounds "9"]
[EventCountry "RUS"]
[SourceTitle "EXT 2012"]
[Source "ChessBase"]
[SourceDate "2011.11.24"]
[SourceVersion "1"]
[SourceVersionDate "2011.11.24"]
[SourceQuality "1"]

1. e4 e5 2. Nf3 Nc6 3. Bb5 a6 4. Ba4 Bc5 5. 0-0 Nf6 6. c3 b5 7. Bc2 d6 8. d4 Bb6 9. h3 Bb7 10. Be3 exd4 11. Nxd4 Nxd4 12. Bxd4 c5 13. Bxf6 Qxf6 14. Nd2 0-0 15. Qh5 Qf4 16. Rad1 g6 17. Qg4 Qxg4 18. hxg4 Bc8 19. g5 Be6 20. f4 Bg4 21. Rde1 Rae8 22. Kh2 Bc7 23. Kg3 Bc8 24. Kh4 f6 25. gxf6 Rxf6 26. g4 h6 27. f5 Kg7 28. b4 Rff8 29. Nf3 Bd8+ 30. Kg3 Bb7 31. Nh4 Bxh4+ 32. Kxh4 Rc8 33. e5 dxe5 34. Rxe5 Rce8 35. Rxe8 Rxe8 36. fxg6 Bd5 37. Rd1 Re5 38. Bf5 cxb4 39. cxb4 Be6 40. Rd6 Bxf5 41. gxf5 Rxf5 42. Rxa6 Rf4+ 43. Kh5 Rf5+ 44. Kg4 Rg5+ 45. Kf4 Rxg6 46. Ra7+ Kf6 47. Rc7 h5 48. a3 Rg4+ 49. Kf3 Rd4 50. Rc5 Kg6 51. Rxb5 Rd3+ 52. Kf4 Rxa3 53. Rb6+ Kf7 54. Kg5 Ke7 55. Kxh5 1/2-1/2

[Event "Ufa Kopylov Memorial op-B 6th"]
[Site "Ufa"]
[Date "2009.12.18"]
[Round "3"]
[White "Yangurazov, Albert"]
[Black "Selegenenko, Vladimir"]
[Result "0-1"]
[WhiteElo "1903"]
[BlackElo "2088"]
[PlyCount "88"]
[EventDate "2009.12.15"]
[EventType "swiss"]
[EventRounds "9"]
[EventCountry "RUS"]
[SourceTitle "EXT 2012"]
[Source "ChessBase"]
[SourceDate "2011.11.24"]
[SourceVersion "1"]
[SourceVersionDate "2011.11.24"]
[SourceQuality "1"]

1. Nf3 Nf6 2. b3 g6 3. e3 Bg7 4. Bb2 c5 5. c4 d6 6. d3 0-0 7. Be2 Nc6 8. 0-0 e5 9. Nc3 Re8 10. Nd5 Nxd5 11. cxd5 Ne7 12. e4 h6 13. Qd2 f5 14. g3 f4 15. gxf4 Bh3 16. Rfe1 Qd7 17. Kh1 Qg4 18. Rg1 Qxf4 19. Bc1 Qxd2 20. Bxd2 Rf8 21. Be3 Kh7 22. Rg3 Bd7 23. Rag1 a5 24. Bd1 a4 25. Nd2 axb3 26. axb3 b5 27. Bg4 Bxg4 28. Rxg4 Bf6 29. Rf1 g5 30. Rgg1 Ng6 31. Ra1 Nf4 32. Bxf4 exf4 33. Rad1 Ra2 34. f3 Bd4 35. Rg2 Rfa8 36. Nb1 Ra1 37. Rgd2 b4 38. Kg2 Be3 39. Rc2 R8a2 40. Rxa2 Rxa2+ 41. Kh3 Kg6 42. e5 dxe5 43. d6 Kf5 44. d7 h5 0-1

[Event "Ufa Kopylov Memorial op-B 6th"]
[Site "Ufa"]
[Date "2009.12.16"]
[Round "1"]
[White "Mikhailov, Pavel"]
[Black "Selegenenko, Vladimir"]
[Result "0-1"]
[WhiteElo "1839"]
[BlackElo "2088"]
[PlyCount "92"]
[EventDate "2009.12.15"]
[EventType "swiss"]
[EventRounds "9"]
[EventCountry "RUS"]
[SourceTitle "EXT 2012"]
[Source "ChessBase"]
[SourceDate "2011.11.24"]
[SourceVersion "1"]
[SourceVersionDate "2011.11.24"]
[SourceQuality "1"]

1. d4 Nf6 2. c4 g6 3. Nc3 Bg7 4. g3 d6 5. Bg2 c6 6. Nf3 0-0 7. 0-0 Nbd7 8. e4 e5 9. b3 Re8 10. h3 exd4 11. Nxd4 Nc5 12. Re1 Qb6 13. Nc2 Ng4 14. Qd2 Nxf2 15. Kh2 Nfd3 16. Rf1 Nxc1 17. Raxc1 Be5 18. Ne1 Be6 19. Nf3 Bg7 20. Qxd6 Rad8 21. Qf4 Nd3 22. Qd2 Nxc1 23. Qxc1 Rd3 24. Na4 Qe3 25. Qxe3 Rxe3 26. Nc5 Bc8 27. Ne1 Re2 28. a4 f5 29. Ned3 fxe4 30. Nf4 Rxg2+ 31. Nxg2 b6 32. Nxe4 Rxe4 33. Rd1 Bd4 34. Nf4 c5 35. Rd3 Bb7 36. Nd5 Re2+ 37. Kh1 a5 38. h4 Bc8 39. Nf4 Re1+ 40. Kh2 Bf5 41. Rd2 Be3 42. Re2 Bg1+ 43. Kg2 Be4+ 44. Kh3 Rxe2 45. Nxe2 Bc2 46. Nc3 Bxb3 0-1

[Event "Ufa Siamidi Memorial op"]
[Site "Ufa"]
[Date "2009.10.11"]
[Round "9"]
[White "Selegenenko, Vladimir"]
[Black "Dubov, Danil"]
[Result "0-1"]
[WhiteElo "2183"]
[BlackElo "2113"]
[PlyCount "90"]
[EventDate "2009.10.03"]
[EventType "swiss"]
[EventRounds "9"]
[EventCountry "RUS"]
[SourceTitle "EXT 2011"]
[Source "ChessBase"]
[SourceDate "2010.11.26"]
[SourceVersion "1"]
[SourceVersionDate "2010.11.26"]
[SourceQuality "1"]

1. d4 Nf6 2. Nf3 g6 3. c4 Bg7 4. Nc3 0-0 5. e4 d6 6. Be2 e5 7. 0-0 Nc6 8. d5 Ne7 9. Ne1 Nd7 10. Nd3 f5 11. f3 f4 12. b4 g5 13. Bb2 Ng6 14. c5 Nf6 15. Nf2 h5 16. c6 b6 17. a4 a6 18. h3 Rf7 19. Bc1 Bf8 20. Bd2 Rh7 21. Kh2 Ne8 22. Rh1 Qf6 23. Kg1 Rg7 24. Kf1 Nh4 25. Be1 Be7 26. Nd3 Ng6 27. Bf2 Nh8 28. Ke1 Nf7 29. Kd2 Nh6 30. Qe1 Rg6 31. Nb2 Qg7 32. Nc4 g4 33. hxg4 hxg4 34. a5 b5 35. Nb6 cxb6 36. axb6 Bd8 37. b7 Bxb7 38. cxb7 Qxb7 39. Qd1 g3 40. Bg1 Rc8 41. Qb3 Bb6 42. Bd3 Bxg1 43. Rhxg1 Qb6 44. Rge1 Rg7 45. Qa3 Rgc7 0-1

[Event "Ufa Siamidi Memorial op"]
[Site "Ufa"]
[Date "2009.10.04"]
[Round "2"]
[White "Tukhvatullin, Vladislav"]
[Black "Selegenenko, Vladimir"]
[Result "1-0"]
[WhiteElo "2175"]
[BlackElo "2183"]
[PlyCount "97"]
[EventDate "2009.10.03"]
[EventType "swiss"]
[EventRounds "9"]
[EventCountry "RUS"]
[SourceTitle "EXT 2011"]
[Source "ChessBase"]
[SourceDate "2010.11.26"]
[SourceVersion "1"]
[SourceVersionDate "2010.11.26"]
[SourceQuality "1"]

1. e4 g6 2. d4 Bg7 3. Nc3 d6 4. g3 Nc6 5. d5 Nd4 6. Be3 c5 7. dxc6 Nxc6 8. Bg2 Nf6 9. h3 0-0 10. Nge2 Be6 11. 0-0 Qd7 12. Kh2 Bc4 13. b3 Ba6 14. Rc1 Ne8 15. Re1 Rc8 16. Qd2 Nb4 17. Bd4 Bxe2 18. Bxg7 Nxg7 19. Nxe2 Qb5 20. c4 Qc5 21. Nc3 Nc6 22. Nd5 a5 23. f4 Ne8 24. e5 dxe5 25. fxe5 e6 26. Nf6+ Nxf6 27. exf6 Rfd8 28. Qh6 Qf8 29. Qxf8+ Kxf8 30. Red1 Ke8 31. g4 Rxd1 32. Rxd1 Rd8 33. Rxd8+ Kxd8 34. Kg3 Kc7 35. Kf4 h6 36. c5 Nb4 37. Be4 g5+ 38. Ke3 Nxa2 39. Bg6 Nc3 40. Bxf7 Nd5+ 41. Kd4 Kd7 42. Ke5 Nf4 43. Bg8 Ng6+ 44. Kd4 Nf8 45. Bf7 Kc7 46. Ke5 Kc6 47. Bxe6 Kxc5 48. f7 b5 49. Kf6 1-0

[Event "Ufa Dautov Memorial op"]
[Site "Ufa"]
[Date "2009.04.07"]
[Round "7"]
[White "Selegenenko, Vladimir"]
[Black "Zakirov, Rafael"]
[Result "1-0"]
[WhiteElo "2183"]
[BlackElo "2143"]
[PlyCount "81"]
[EventDate "2009.04.01"]
[EventType "swiss"]
[EventRounds "9"]
[EventCountry "RUS"]
[SourceTitle "CBM 130 Extra"]
[Source "ChessBase"]
[SourceDate "2009.07.02"]
[SourceVersion "2"]
[SourceVersionDate "2009.07.15"]
[SourceQuality "1"]

1. d4 Nf6 2. Nf3 g6 3. c4 Bg7 4. Nc3 0-0 5. e4 d6 6. Be2 Na6 7. 0-0 e5 8. Bg5 h6 9. Be3 Ng4 10. Bc1 Qe8 11. h3 exd4 12. Nxd4 Ne5 13. Be3 Be6 14. b3 Bd7 15. Qd2 Kh7 16. Rad1 f5 17. f4 Nc6 18. exf5 Bxf5 19. g4 Bd7 20. Bf3 Nc5 21. Ndb5 Na6 22. Rde1 Qd8 23. Bf2 Nc5 24. Nd5 a6 25. Nbxc7 Rc8 26. b4 Nxb4 27. Qxb4 Nd3 28. Qxd6 Nxe1 29. Rxe1 Bc6 30. Qxd8 Rfxd8 31. Ne6 Re8 32. f5 h5 33. Be4 hxg4 34. hxg4 Bd7 35. Nxg7 Kxg7 36. Bd4+ Kh6 37. Nf6 Rc7 38. Be3+ Kg7 39. Bf4 Rcc8 40. Nxd7 Rxc4 41. f6+ 1-0

[Event "Ufa Kopylov Memorial op"]
[Site "Ufa"]
[Date "2008.12.22"]
[Round "7"]
[White "Ibragimov, Maxim"]
[Black "Selegenenko, Vladimir"]
[Result "1-0"]
[WhiteElo "2123"]
[BlackElo "2135"]
[PlyCount "95"]
[EventDate "2008.12.16"]
[EventType "swiss"]
[EventRounds "9"]
[EventCountry "RUS"]
[SourceTitle "EXT 2010"]
[Source "ChessBase"]
[SourceDate "2010.11.25"]
[SourceVersion "1"]
[SourceVersionDate "2010.11.25"]
[SourceQuality "1"]

1. d4 Nf6 2. c4 g6 3. Nc3 Bg7 4. e4 d6 5. Nf3 0-0 6. Be2 Bg4 7. Be3 Nbd7 8. 0-0 e5 9. dxe5 dxe5 10. Qc2 c6 11. h3 Bxf3 12. Bxf3 Qe7 13. Rab1 Nc5 14. b4 Ne6 15. a4 Nd4 16. Bxd4 exd4 17. Ne2 Rfd8 18. Rfd1 Ne8 19. Rd3 Nc7 20. c5 Qe5 21. g3 Rd7 22. Bg2 a5 23. f4 Qe7 24. b5 Ne6 25. bxc6 bxc6 26. e5 Rad8 27. Bxc6 Rc7 28. Bb5 Rxc5 29. Qd2 Qa7 30. Kh2 Rdc8 31. Rc1 Rxc1 32. Nxc1 Bf8 33. Nb3 Bb4 34. Qe2 Bc3 35. Qe4 Qe7 36. f5 gxf5 37. Qxf5 Rc7 38. Rf3 Bb4 39. Bd3 Nf8 40. Nxd4 Rc5 41. Qg4+ Kh8 42. Re3 Ng6 43. Nf5 Qe6 44. Nh6 Bd2 45. Bxg6 hxg6 46. Qxe6 fxe6 47. Nf7+ Kg7 48. Rf3 1-0